000 00625cam a22001931i 4500
001 ca 11002037
003 DLC
005 20260227111056.0
008 860313s1883 pau 000 0 eng
010 _aca 11002037
035 _a(OCoLC)13293350
040 _aDLC
_cWM
_dDLC
050 0 0 _aPE1628
_b.H5
100 1 _aHeron, John M.
245 1 4 _aThe pocket manual :
_nnumber one ;
_bor, Our writer's and travellers' ready reference book for everyday use-- /
_cRev. John M. Heron, A. M., editor--
260 _aPhiladelphia :
_bW.H. Thompson,
_c1883.
300 _a224 p. ;
_b14 cm.
650 0 _aEnglish language
_xDictionaries.
999 _c14509
_d14509